01627cam a2200301 a 4500001000400000003001000004005001700014008004100031020001800072040002500090080002000115090002100135100003700156245027500193260003900468300002700507504002500534590004100559650003600600650004900636650004700685942001200732952014200744952014200886952014201028952014201170999001301312121BR-CuiBMT20231113222126.0230816s2022 mgba 000 0 por d a9786555182347 aBR-CuiBMTcBR-CuiBMT 22007a351.712.2 a351.712.2bR375c1 aReis, Paulo Sérgio de Monteiro1 aContratos da administração pública :badministração direta e estatais : formalização, conteúdo e fiscalização : de acordo com as Leis n° 8.666/1993, n° 14.133/2021 e n° 13.303/2016 /cPaulo Sérgio de Monteiro Reis ; prefácio Edgar Guimarães. aBelo Horizonte :bFórum,cc2021. a288 p. :bil. ;c22 cm aInclui bibliografia. 8A Biblioteca possui 1. reimpr. 2022. aContrato administrativozBrasil aConcessão de serviços públicoszBrasil aEmpresas estataisxContrato administrativo 2udccLV 00102udc4070aBIBTCEMTbBIBTCEMTd2023-06-28l0o351.712.2 R375cpBIBTCEMT23080098r2023-08-16tEx. 1w2023-08-16yLVz1. reimpr. 2022 00102udc4070aBIBTCEMTbBIBTCEMTd2023-11-01l0o351.712.2 R375cpBIBTCEMT23110008r2023-11-01tEx. 2w2023-11-01yLVz1. reimpr. 2022 00102udc4070aBIBTCEMTbBIBTCEMTd2023-11-01l0o351.712.2 R375cpBIBTCEMT23110009r2023-11-01tEx. 3w2023-11-01yLVz1. reimpr. 2022 00102udc4070aBIBTCEMTbBIBTCEMTd2023-11-01l0o351.712.2 R375cpBIBTCEMT23110010r2023-11-01tEx. 4w2023-11-01yLVz1. reimpr. 2022 c121d121